000 01617nam a2200361 i 4500
999 _c65638
_d65638
001 768714001
003 CO-MdFUSB
005 20241002062723.0
007 ta
008 200403t2005 -us |||| |||| 00| 0 eng d
020 _a9781592981281
040 _aCO-MdFUSB
_bspa
_cCO-MdFUSB
_dCO-MdFUSBC
_erda
041 _aeng
082 _223
_a238.1
_bSCH411
100 _aSchwarz, John.
_eautor
245 1 _aWhy do you believe that? :
_ba Protestant-Catholic conversation
_c/ John, Schwarz , Dwight Longenecker.
264 1 _aEstados Unidos :
_b Beaver’s Pond Press,
_c[2005]
264 4 _c© 2005
300 _a145 páginas
_c; 23 cm
336 _2rdacontent
_atexto
_btxt
337 _2rdamedia
_asin mediación
_bn
338 _2rdacarrier
_avolumen
_bnc
500 _aColección Dawn Christina Harrell
505 _aLa iglesia cristiana: el nacimiento, el crecimiento y el triunfo del cristianismo. -- Tres huelgas y estás fuera: la Reforma protestante. -- Todos a favor: creencias protestantes-católicas compartidas. -- Nunca se encontrarán los dos: Sola Scriptura y Sola Fide. -- Peter, Paul y Mary: el papado y la Virgen María. -- Los sacramentos: misterio, significado y mumbo jumbo. -- Creencias católicas únicas: ¿equipamiento estándar o extras opcionales? -- Algunas reflexiones finales. -- Una guía para leer más.
563 _aTapa dura
610 2 7 _aIglesia Católica
650 0 _9683
_aCredos
650 7 _aCristianismo
_xHistoria
_y0030-0600 (Iglesia primitiva)
_2
_9217
700 _93264
_aLongenecker, Dwight.
942 _cBK
945 _aJTF-925